000 00330nam a2200133Ia 4500
008 230917s9999||||xx |||||||||||||| ||und||
040 _e197947
_aMAIN
041 _aEnglish
082 _a370 C458R
100 _aChaudhary, Sunita
245 0 _aRamacharitamanas ke darshan ke shaikshik nihitartha
300 _a78 p.
942 _cTH
999 _c86823
_d86823